Получение гликолида с азеотропной отгонкой воды; Химия и химическая технология в XXI веке

Bibliographische Detailangaben
Parent link:Химия и химическая технология в XXI веке.— 2018.— [С. 543-544]
1. Verfasser: Сидельцев М. Е.
Körperschaft: Национальный исследовательский Томский политехнический университет Исследовательская школа химических и биомедицинских технологий (ИШХБМТ)
Weitere Verfasser: Лукьянов А. Е. (научный руководитель), Новиков В. Т. Виктор Тимофеевич
Zusammenfassung:Заглавие с экрана
Sprache:Russisch
Veröffentlicht: 2018
Schriftenreihe:Химическая технология полимерных материалов
Schlagworte:
Online-Zugang:http://earchive.tpu.ru/handle/11683/49972
Format: Elektronisch Buchkapitel
KOHA link:https://koha.lib.tpu.ru/cgi-bin/koha/opac-detail.pl?biblionumber=627108

MARC

LEADER 00000naa2a2200000 4500
001 627108
005 20240117161136.0
035 |a (RuTPU)RU\TPU\conf\26807 
035 |a RU\TPU\conf\26798 
090 |a 627108 
100 |a 20180815d2018 k y0rusy50 ca 
101 0 |a rus 
102 |a RU 
105 |a y z 101zy 
135 |a drgn ---uucaa 
181 0 |a i  
182 0 |a b 
200 1 |a Получение гликолида с азеотропной отгонкой воды  |f М. Е. Сидельцев, А. Е. Лукьянов  |g науч. рук. В. Т. Новиков 
203 |a Текст  |c электронный 
225 1 |a Химическая технология полимерных материалов 
300 |a Заглавие с экрана 
320 |a [Библиогр.: с. 544 (4 назв.)] 
463 0 |0 (RuTPU)RU\TPU\conf\26227  |t Химия и химическая технология в XXI веке  |o материалы XIX Международной научно-практической конференции студентов и молодых ученых имени профессора Л. П. Кулёва, 21-24 мая 2018 г., г. Томск  |f Национальный исследовательский Томский политехнический университет  |v [С. 543-544]  |d 2018 
610 1 |a электронный ресурс 
610 1 |a труды учёных ТПУ 
610 1 |a гликолиды 
610 1 |a азеотропная отгонка 
610 1 |a воды 
610 1 |a биоразлагаемые полимеры 
610 1 |a гликолевая кислота 
610 1 |a деполимеризация 
610 1 |a олигомеры 
700 1 |a Сидельцев  |b М. Е. 
701 1 |a Лукьянов  |b А. Е. 
702 1 |a Новиков  |b В. Т.  |c химик  |c доцент Томского политехнического университета, кандидат химических наук  |f 1946-  |g Виктор Тимофеевич  |4 727  |9 13515 
712 0 2 |a Национальный исследовательский Томский политехнический университет  |b Исследовательская школа химических и биомедицинских технологий (ИШХБМТ)  |c (2017- )  |3 (RuTPU)RU\TPU\col\23537 
801 2 |a RU  |b 63413507  |c 20180821  |g RCR 
856 4 |u http://earchive.tpu.ru/handle/11683/49972 
942 |c BK